Что делать? Наболевшие вопросы нашего движения

書誌詳細
第一著者: Ленин В. И. Владимир Ильич
言語:ロシア語
出版事項: Москва, Политиздат, 1982
主題:
フォーマット: MixedMaterials 図書
KOHA link:https://koha.lib.tpu.ru/cgi-bin/koha/opac-detail.pl?biblionumber=299468

MARC

LEADER 00000nam0a2200000 4500
001 299468
005 20260326071549.0
020 |a RU  |b 83-3307 
035 |a (RuTPU)RU\TPU\book\324620 
090 |a 299468 
100 |a 20150629d1982 k y0rusy5003 ca 
101 0 |a rus 
102 |a RU 
105 |a y z 000zy 
200 1 |a Что делать? Наболевшие вопросы нашего движения  |f В. И. Ленин 
210 |a Москва  |c Политиздат  |d 1982 
215 |a 208 с.  |d 20 см 
606 |a Ленин В. И.  |j Отдельные произведения  |7 ca  |8 rus  |2 stltpush  |3 (RuTPU)RU\TPU\subj\73029  |9 86288 
610 1 |a КПСС 
610 1 |a идеологические основы 
610 1 |a агитация 
610 1 |a печать 
610 1 |a история 
686 |a Т3(2)6-8Ленин156  |2 rubbk 
700 1 |a Ленин  |b В. И.  |c настоящая фамилия Ульянов  |c российский политический деятель  |f 1870-1924  |g Владимир Ильич  |2 stltpush  |3 (RuTPU)RU\TPU\pers\1074  |9 486 
801 0 |a RU  |b RuMRKP  |c 19950704  |g psbo 
801 1 |a RU  |b 63413507  |c 20150629 
801 2 |a RU  |b 63413507  |c 20210413  |g RCR 
942 |c BK